Статьи, воспоминания, материалы

গ্রন্থ-পঞ্জীর বিবরন
প্রধান লেখক: Мильштейн Я. И. Яков Исаакович
ভাষা:রুশ
প্রকাশিত: Москва, Советский композитор, 1990
বিষয়গুলি:
বিন্যাস: MixedMaterials গ্রন্থ
KOHA link:https://koha.lib.tpu.ru/cgi-bin/koha/opac-detail.pl?biblionumber=247037

MARC

LEADER 00000nam0a2200000 4500
001 247037
005 20231101232250.0
010 |a 5852851485 
035 |a (RuTPU)RU\TPU\book\268510 
090 |a 247037 
100 |a 20131216d1990 m y0rusy50 ca 
101 0 |a rus 
102 |a RU 
105 |a c z 000zb 
200 1 |a Статьи, воспоминания, материалы  |f Я. И. Мильштейн 
210 |a Москва  |c Советский композитор  |d 1990 
215 |a 288 с.  |c портр. 
600 1 |a Мильштейн  |b Я. И.  |c музыкант  |f 1911-1981  |g Яков Исаакович  |2 stltpush  |3 (RuTPU)RU\TPU\pers\31650 
606 1 |a Музыканты  |2 stltpush  |3 (RuTPU)RU\TPU\subj\44580  |9 63891 
610 1 |a биографии 
610 1 |a персоналии 
610 1 |a искусствоведение 
610 1 |a встречи 
610 1 |a беседы 
610 1 |a писатели 
610 1 |a поэты 
610 1 |a эстетические взгляды 
675 |a 78.071(092)  |v 3 
700 1 |a Мильштейн  |b Я. И.  |c музыкант  |f 1911-1981  |g Яков Исаакович  |2 stltpush  |3 (RuTPU)RU\TPU\pers\31650 
801 1 |a RU  |b 63413507  |c 20131216 
801 2 |a RU  |b 63413507  |c 20131219  |g RCR 
942 |c BK